000 00189 a2200097 4500
020 _a9780395799000
041 _aspa
100 _aHoughton Mifflin
245 _aFotos Familiares
942 _cK
999 _c28479
_d28479